Statistics for Top 10 NFL big hitters all time

Click here to take the quiz!

General Stats

  • This quiz has been taken 28 times
  • The average score is 6 of 10

Answer Stats

HintAnswer% Correct
52Ray Lewis
88%
21Sean Taylor
88%
56Lawrence Taylor
77%
20Ed Reed
73%
20Brian Dawkins
62%
42Ronnie Lott
62%
81Dick lane
35%
22Harrison Smith
31%
31Kam Chancellor
31%
52Patrick Wills
12%

Score Distribution

Percentile by Number Answered

Percent of People with Each Score

Your Score History

You have not taken this quiz